Przystanki autobusowe Lubin - Statystyki

Ogólne statystyki
  • Ten quiz został rozwiązany 80 razy
  • Średni wynik to 16 z 74
Statystyki odpowiedzi
Hint Odpowiedź % Poprawnych
1, 3, 4, 7 USTRONIE
66%
3, 4, 6, 7 Leśna / Szpakowa
58%
1, 3, 4, 6, 7 Leśna / Wyszyńskiego
58%
3, 4, 6, 7 Piłsudskiego / Leśna
57%
1, 3, 4, 6, 7 PRZYLESIE
57%
1, 2, 4, 5, 6, 7 Kładka KEN
47%
1, 3, 4, 6, 7 SPORTOWA
47%
0, 2, 3, 5 Kościuszki / Paderewskiego
45%
4, 8 Mickiewicza
43%
1, 2, 6, 7 Kolejowa - rondo
40%
1, 3, 4, 7 Jana Pawła II / Gwarków
38%
1, 4, 5 Parkowa
38%
4 Piłsudskiego / Malinowa
38%
1, 3, 4, 5, 6, 7 Legnicka
36%
1, 4, 5 Pileckiego / Kaczyńskiego
36%
0, 3 Gen. Maczka / Hutnicza
34%
0 Jana Pawła II / Leszczynowa
34%
4, 8 Księcia Ludwika I / Kościuszki
34%
3, 5, 7 Hutnicza / Wójta Henryka
32%
0, 1, 4, 5 Jana Pawła II / Cisowa
32%
0, 1, 2, 6, 8 Skłodowskiej - szkoła
32%
0 Jana Pawła II / Kościół
30%
3 Kaczyńskiego / Jaśminowa
28%
3 Kaczyńskiego / Jodłowa
28%
0, 2 MAŁOMICE
28%
0, 2 Małomicka / Malinowskiego
28%
0, 2, 3 Gen. Maczka / Stary Lubin
26%
1, 2, 4, 5, 6, 7 Przejście podziemne
26%
6, 7 Stadion
26%
1, 4, 5 Wierzbowa
25%
1, 2 Sikorskiego - Cuprum Arena
23%
8 SPACEROWA
23%
2 Stary Lubin
23%
6, 7 Odrodzenia
21%
4, 8 Szkolna
21%
6, 7 Kopernika - Cuprum Arena
19%
3, 4, 5 Paderewskiego - rondo
19%
1, 2, 3, 4, 5, 7, 8 Ścinawska
17%
1 Wyszyńskiego - kościół
17%
3, 4 CMENTARZ - ZACISZE
15%
0, 2 MAŁOMICKA - LAS
13%
4 OSIEK - DZIAŁKI
13%
2, 6 Skłodowskiej - cmentarz
13%
3, 5, 7 Hutnicza - pod kładką
9%
2, 5, 6, 7 KGHM - pętla
9%
0, 2, 3, 5, 6, 7, 8 Kościuszki - Dworzec PKS
9%
0, 2 Kusocińskiego
9%
3, 4 Piłsudskiego - Kaufland
9%
3, 4, 6, 7 Piłsudskiego - las
9%
4, 8 Składowa - targowisko
9%
2, 3 Gen. Maczka - szkoła
8%
3, 7 Granitowa - LSSE
8%
0, 2 Grottgera
8%
4 Ogródki - Osiek
8%
0, 2 OS. KRZECZYN
8%
2, 6 Skłodowskiej - MCZ
8%
5 STADION - ZAKŁADY
8%
3, 4 Zacisze
8%
5 Energetyka
6%
3, 4, 5 Kaczyńskiego - wiadukt
6%
0, 2 Paderewskiego - obwodnica
6%
8 Spacerowa I
6%
8 Spacerowa IV
6%
5 Toyota
6%
5 WPEC
6%
0, 1, 2, 6, 7 1-go Maja
4%
3, 4, 5 Konstytucji 3-go Maja - Dworzec PKS
4%
8 Spacerowa II
4%
8 Spacerowa III
4%
6 ZG Lubin
4%
0, 3 Hutnicza - kościół
0%
8 Niepodległości - Centrum
0%
4 Piłsudskiego - ogródki działkowe
0%
6 Szyb Wschodni
0%
Nie znaleziono quizów pasujących do podanych kryteriów
Rozkład punktacji
Procent ludzi z każdym wynikiem
Percentyl według liczby udzielonych odpowiedzi
Twoja historia wyników
Nie rozwiązałeś tego quizu